Statistiques concernant Quiz sur l'ancienne classe de ECG1B

Cliquez ici pour prendre le quiz!

Statistiques générales

  • Ce quiz a été pris 11 fois
  • Le résultat moyen est 15 sur 20

Statistiques - réponses

HintRéponse% Correct
Personne visant la HECLouis
100%
Personne la plus illettrée, analphabète et mauvaise en françaisJoséphine
86%
Personne amatrice de couscous et autres spécialités maghrébinesJulyan
86%
Plus gros homosexuel de cette classeJulyan
86%
Personne la plus à droiteLouis
86%
Personne la plus fourbe de la classeMatthis
86%
Personnes les plus mauvaises au ping-pong par rapport au temps joué (2 noms)Nathan Tristan
86%
Personne la plus sexy de la classeTim
86%
Personne la plus adroiteAuguste
71%
Les parents de cette classe (2 noms)Auguste Lou
71%
Appartient au gang de la nuit (question proposée par autrui)Faharia
71%
Personne aux goûts alimentaires les plus randomsFlorine
71%
Meilleur couple (2 noms attendus)Louis Maelys
71%
Etudiant le mieux membré (vérifié)Matthis
71%
Suspecté de faire des choses louches avec le prof d'anglaisNathan
71%
Personne le plus présent en kholleTristan
71%
Personne la plus communément peu appréciée de cette classeViolette
71%
Personne les plus présentes en cours (2 noms)Baptiste Célian
57%
Personne la plus fragile au niveau des brasPhilippe
57%
La meilleure amitié (2 noms)Philippe Faharia
43%

Distribution des résultats

Percentile par nombre de réponses

% des personnes avec chaque résultat

Votre développement - résultats

Vous n’avez pas pris ce quiz